|
|
|
|
| LEADER |
00000cam a2200000 a 4500 |
| 001 |
47326 |
| 003 |
Ucuenca |
| 005 |
20230308160527.0 |
| 008 |
002031|2000 mx |||||r|||||||||||spa|| |
| 040 |
|
|
|b spa
|
| 041 |
0 |
|
|a spa
|
| 082 |
0 |
|
|a Cu861
|
| 100 |
1 |
|
|a Hernández Acosta, MiladisArias de la Canal, Fredo
|d 1968-
|9 200899
|
| 245 |
|
|
|a Antología Cósmica
|c Miladis Hernández Acosta y Fredo Arias de la Canal
|h imp
|
| 264 |
|
|
|a México
|b Frente de Afirmación Hispánica
|c 20002
|
| 300 |
|
|
|a 43 páginas:
|c 21 cm
|
| 650 |
|
|
|a Poesia cosmica
|9 15480
|
| 650 |
|
0 |
|a Poesía cubana
|9 4982
|
| 852 |
|
|
|a UC-CDJBV
|f Donación
|l 1
|m General
|p 20020313
|q 1,00
|r 8
|t 47326
|b 0
|d CDRC
|e CDRC
|g Cu861 TERCER PISO
|z 2002-20-31
|
| 942 |
|
|
|c BK
|
| 999 |
|
|
|c 10938
|d 10938
|